Statistics for WWE Finishers 2020

Click here to take the quiz!

General Stats

  • This quiz has been taken 170 times
  • The average score is 34 of 70

Answer Stats

HintAnswer% Correct
Roman ReignsSpear
92%
EdgeSpear
92%
Randy OrtonRKO
89%
Drew McIntyreClaymore
82%
GoldbergJackhammer
81%
Brock Lesnar 1F-5
78%
Daniel Bryan 2Running Knee
78%
AJ Styles 1Styles Clash
75%
The RockRock Bottom
74%
The MizSkull Crushing Finale
74%
Seth RollinsCurb Stomp
73%
Baron CorbinEnd of Days
73%
Dolph Ziggler 1Zig Zag
73%
SheamusBrogue Kick
70%
Kevin Owens 1Stunner
70%
The Fiend Bray Wyatt 2Sister Abigail
66%
Kofi KingstonTrouble in Paradise
66%
Kevin Owens 2Popup Powerbomb
65%
John CenaAA
64%
Aleister BlackBlack Mass
64%
Big EBig Ending
63%
AJ Styles 2Phenomenal Forearm
63%
Shinsuke NakamuraKinshasa
59%
Jeff HardySwanton Bomb
58%
Matt HardyTwist of Fate
57%
Alexa BlissTwisted Bliss
56%
CesaroNeutralizer
55%
AsukaAsuka Lock
53%
Becky LynchDis-arm-her
53%
Robert RoodeGlorious DDT
52%
Sasha BanksBank Statement
51%
Braun StrowmanPowerslam
51%
The Fiend Bray Wyatt 1Mandible Claw
50%
BayleyBayley to Belly
49%
John MorrisonStarship Pain
47%
Ricochet 1630
45%
Rey MysterioFrog Splash
45%
The UsosUso Splash
44%
The New DayMidnight Hour
43%
EliasDrift Away
42%
AndradeHammerlock DDT
42%
The RevivalShatter Machine
39%
Adam Cole 1The Last Shot
39%
Kairi SaneInsane Elbow
36%
Keith LeeSpirit Bomb
35%
Adam Cole 2Panama Sunrise
34%
Lacey EvansWoman's Right
34%
RusevAccolade
32%
Daniel Bryan 1LeBell Lock
32%
Ali054
31%
Heavy MachineryCompactor
31%
Erick RowanIron Claw
31%
Ricochet 2Recoil
30%
Samoa JoeCoquina Clutch
29%
Tommaso CiampaFairy Tale Ending
29%
Buddy MurphyMurphy's Law
29%
Bobby LashleyThe Dominator
29%
Cedric AlexanderLumbar Check
28%
Dolph Ziggler 2Sweet Chin Music
28%
Pete DunneBitter End
27%
Velveteen DreamPurple Rainmaker
27%
Roderick StrongEnd of Heartache
25%
Zack RyderRough Rider
25%
KalistoSalida del Sol
25%
Angel GarzaWingclipper
25%
Matt RiddleBro Derek
20%
R-TruthLil Jimmy
19%
Damian PriestThe Reckoning
19%
Lio RushFinal Hour
10%
Undisputed EraChasing the Dragon
5%

Score Distribution

Percentile by Number Answered

Percent of People with Each Score

Your Score History

You have not taken this quiz